Flat plate collectors

Uloženo v:
Podrobná bibliografie
Hlavní autor: Cammarata, G (Autor)
Médium: Kniha
Jazyk:angličtina
Vydáno: Urbino Sogesta 1970
Edice:Permanent School on Solar Energy Processes
Témata:
Tagy: Přidat tag
Žádné tagy, Buďte první, kdo vytvoří štítek k tomuto záznamu!

MARC

LEADER 00000nam a2200000 a 4500
001 UCV4291
003 CL-VaPUC
008 910508e19700000IT |||||||||||||||||eng|d
082 0 4 |a 621.47  |b CAM  |2 21 
100 0 |a Cammarata, G  |e author  |9 298604 
245 1 0 |a Flat plate collectors 
300 |a 206 p 
942 |c BK 
945 |d 19910508 00:00:00 
260 |a Urbino  |b Sogesta  |c 1970 
650 7 |a ENERGIA SOLAR  |2 CL-VaPUC  |9 298605 
650 7 |a MAQUINAS SOLARES  |2 CL-VaPUC  |9 260537 
583 |a last modification  |c 19910508 00:00:00  |k Rodrigo Vera 
490 0 |a Permanent School on Solar Energy Processes 
999 |c 211205  |d 211203 
952 |0 0  |1 0  |4 0  |6 621_470000000000000_CAM_1970  |7 0  |8 A  |9 189627  |a BIBING  |b BIBING  |d 2019-11-14  |i 2572834  |o 621.47 CAM 1970  |p 2572834  |r 2025-01-20  |w 2019-11-14  |y BK  |k ING